00904nam a2200241 i 4500001000700000003000900007005001700016007000300033008004100036020001800077080001100095245010500106260003400211300003000245490004000275500004300315650005200358700003000410830004800440852003300488999001900521952012200540128279ES-MaACL20230906193224.0t|070628s1991 fr ||||1| fre d a2-86260-332-5 a9(=97)00aTerre indienne b: une peuple écrasé, une culture retrouvée / cdirigé par Philippe Jacquin. aParis : bAutrement, c[1991] a228 p. : bil. ; c25 cm.1 aAutrement. Série Monde 78, n. 54 aBiblioteca Jacinto Martínez Lacalle. 4aIndios de América del Norte-xGuerras.9136781 aJacquin, Philippe.9658860 aAutrement. Série Monde 78, n. 549219265 aES-MaACLjE-11780 bR.139755 c128279d128279 00104070aATENEOMbATENEOMcDEPO2d2008-01-17eSCl0oE-11780p1133605r2023-02-23 00:00:00w2023-02-23yMONOGRAFIA